000 04860nam0a22004451 4500
001 v19\rc\1681046
005 20260406094314.0
035 _a(NLR Aleph) 004786853
090 _a4693961
_c4693961
100 _a20061002d1895 |||y0rusy50 ca
101 0 _arus
102 _aRU
105 _aa z |||||
200 1 _aПамяти отца современной педагогии, Яна Амоса Коменского
_eПо поводу 302 годовщины его рождения
210 _aСанкт-Петербург
_cН.Г. Мартынов
_d1895
215 _a[7], 119 с.
_cил.
_d23
300 _aНа тит. л. и обл.: № 2
327 1 _aСодерж.: Отчет Отдела за 2 год деятельности / [Сообщ.] М.Ю. Поповского. Педагогические идеалы. Я.А. Коменского / [Соч.] П.Г. Мижуева. Великие педагоги после Коменского / [Соч.] Н.С. Карцова. "Амос Коменский": Стихотворение Аренса / В пер. Л.Н. Модзалевского. "Школа театр", VI драма Коменского в пер. его же. "О новейшей методе изучения языков" Коменского / [Соч.] Проф. А.Д. Вейсмана. [О сочинениях Я.А. Коменского и Виленской публичной библиотеке]
464 0 _12001#$aОтчет Отдела за второй год деятельности$eСообщ. М.Ю. Поповского
_1700#1$aПоповский$bМ.Ю.$gМатвей Юлианович
_tОтчет Отдела за второй год деятельности
_aПоповский, Матвей Юлианович
464 0 _12001#$aПедагогические идеалы. Я.А. Коменского$fСоч. П.Г. Мижуева
_1700#1$aМижуев$bП.Г.$f1861-1932$gПавел Григорьевич
_tПедагогические идеалы. Я.А. Коменского
_aМижуев, Павел Григорьевич (1861-1932)
464 0 _12001#$aВеликие педагоги после Коменского$fСоч. Н.С. Карцова
_1700#1$3RU\NLR\AUTH\77125493$7ca$aКарцев$bН. С.$f1856-$gНиколай Сергеевич
_tВеликие педагоги после Коменского
_aКарцев, Николай Сергеевич (1856-)
464 0 _12001#$aАмос Коменский$eСтихотворение Аренса$fВ пер. Л.Н. Модзалевского
_1700#1$aАренс
_1702#1$3RU\NLR\AUTH\77122123$7ca$aМодзалевский$bЛ. Н.$f1837-1896$gЛев Николаевич$4730
_tАмос Коменский
_aАренс
464 0 _12001#$aШкола театр$eVI драма Коменского в пер. его же
_1700#1$3RU\NLR\AUTH\7768663$7ca$aКоменский$bЯ. А.$f1592-1670$gЯн Амос
_tШкола театр
_aКоменский, Ян Амос (1592-1670)
464 0 _12001#$aО новейшей методе изучения языков Коменского$fСоч. Проф. А.Д. Вейсмана
_1700#1$3RU\NLR\AUTH\7761197$7ca$aВейсман$bА. Д.$f1834-1913$gАлександр Давидович
_tО новейшей методе изучения языков Коменского
_aВейсман, Александр Давидович (1834-1913)
464 0 _12001#$aО сочинениях Я.А. Коменского и Виленской публичной библиотеке
_171202$aВиленская публичная б-ка$3RU\NLR\AUTH\889968535
_tО сочинениях Я.А. Коменского и Виленской публичной библиотеке
464 0 _12001#$aСообщение Ф.В. Ржиги
_1700#1$3RU\NLR\AUTH\77125484$7ca$aРжига$bФ. В.$c1847-1928$gФедор Вячеславович
_tСообщение Ф.В. Ржиги
_aРжига, Федор Вячеславович (1847-1928)
464 0 _12001#$aО некоторых предшественниках и источниках Коменского$fМ.А. Холодняк
_1700#1$aХолодняк$bМ.А.$gМария Александровна
_tО некоторых предшественниках и источниках Коменского
_aХолодняк, Мария Александровна
702 1 _4570
_8rus
_7ca
_aКоменский
_bЯ. А.
_f1592-1670
_gЯн Амос
_3RU\NLR\AUTH\7768663
_951591
801 0 _aRU
_bNLR
_gpsbo
801 0 _aRU
_bRuMoRGB
_2psbo
801 1 _aRU
_bProSoft-M
_2rusmarc
801 2 _aRU
_bNLR
_c20130709
_2rusmarc
852 _aNLR
_j18.202.5.292
852 _aNLR
_j130/93
899 _aRuMoRGB
_jC 54/254
899 _aRuMoRGB
_jE 3/145
899 _aБАН
899 _aНБ СПбГУ
942 _cBOOK
980 _aNB